Normal view
MARC view
Entry Personal Name
001 - CONTROL NUMBER
- control field: 15148
003 - CONTROL NUMBER IDENTIFIER
- control field: BD-RjUL
005 - DATE AND TIME OF LATEST TRANSACTION
- control field: 20250306115741.0
008 - FIXED-LENGTH DATA ELEMENTS
- fixed length control field: 250306|| aca||aabn | a|a d
040 ## - CATALOGING SOURCE
- Original cataloging agency: BD-RjUL
- Transcribing agency: BD-RjUL
100 ## - HEADING--PERSONAL NAME
- Personal name: Soares, Anthony X
670 ## - SOURCE DATA FOUND
- Source citation: Work cat.: (BD-RjUL)84757: Soares, Anthony X., Junior Course In English Composition , 1935, [impression 1949]